[Event "ETCC Open 2023"]
[Site "Budva"]
[Date "2023.11.20"]
[Round "9.7"]
[White "Sebenik, Matej"]
[Black "Petrov, Nikita"]
[Result "1/2-1/2"]
[WhiteElo "2531"]
[BlackElo "2567"]
[Annotator "RC"]
[PlyCount "69"]
[EventDate "2023.11.10"]
[EventType "team-tourn"]
[EventCountry "MNE"]
[SourceTitle "playchess.com"]
[Source "ChessBase"]
[SourceQuality "1"]
[WhiteTeam "Slovenia"]
[BlackTeam "Montenegro"]
[WhiteTeamCountry "SLO"]
[BlackTeamCountry "MNE"]

1. d4 Nf6 2. c4 c6 3. Nf3 d5 4. Nc3 dxc4 5. a4 Bf5 6. e3 e6 7. Bxc4 Bb4 8. O-O O-O 9. Qe2 Bg6 10. Ne5 Nbd7 11. Nxg6 hxg6 12. Rd1 Qc7 13. Qc2 Rac8 14. h3 c5 15. d5 exd5 16. Nxd5 Nxd5 17. Bxd5 Nf6 18. Qc4 Nxd5 19. Rxd5 Rfe8 20. e4 Qe7 21. f3 Qf6 22. Rb1 Re5 23. Rd3 Ree8 24. b3 a6 25. Be3 Qc6 26. Qd5 b5 27. Qxc6 Rxc6 28. axb5 axb5 29. Rd5 Ra8 30. h4 Rcc8 31. Bd2 Ba3 32. Bc1 Bb4 33. Bd2 Ba3 34. Bc1 Bb4 35. Bd2 1/2-1/2

[Event "ETCC Open 2023"]
[Site "Budva"]
[Date "2023.11.20"]
[Round "9.8"]
[White "Draskovic, Luka"]
[Black "Skoberne, Jure"]
[Result "1-0"]
[WhiteElo "2476"]
[BlackElo "2538"]
[Annotator "RC"]
[PlyCount "119"]
[EventDate "2023.11.10"]
[EventType "team-tourn"]
[EventCountry "MNE"]
[SourceTitle "playchess.com"]
[Source "ChessBase"]
[SourceQuality "1"]
[WhiteTeam "Montenegro"]
[BlackTeam "Slovenia"]
[WhiteTeamCountry "MNE"]
[BlackTeamCountry "SLO"]

1. e4 c5 2. Nf3 Nc6 3. Bb5 e5 4. O-O Bd6 5. d3 h6 6. Nc3 Nge7 7. Bc4 Ng6 8. a4 O-O 9. Nd5 Nce7 10. c3 Nxd5 11. Bxd5 Bc7 12. d4 cxd4 13. cxd4 d6 14. dxe5 dxe5 15. h3 a5 16. Ra3 Ra6 17. Rd3 Qf6 18. Rc3 Bb8 19. Qc2 Ne7 20. Bc4 Rc6 21. Rd1 Be6 22. Bxe6 Qxe6 23. Be3 Rfc8 24. Rxc6 Nxc6 25. Qd3 Qe7 26. Qb5 Bd6 27. g3 Rb8 28. Kg2 Qe6 29. Bb6 Ra8 30. Qd5 Qxd5 31. Rxd5 Ra6 32. Be3 Bc7 33. Rb5 b6 34. Nd2 Kf8 35. Nc4 Na7 36. Rd5 Nc6 37. Rd7 Ra7 38. Nd6 Bd8 39. Rxa7 Nxa7 40. Nc4 Nc8 41. Nxe5 Ke8 42. Nc4 Bc7 43. Bd4 f6 44. f4 Kd7 45. Kf3 Kc6 46. Ne3 Bd6 47. e5 fxe5 48. fxe5 Bc5 49. Ke4 b5 50. Bxc5 Kxc5 51. axb5 a4 52. Nf5 g6 53. Nd4 Nb6 54. e6 Kd6 55. Kd3 h5 56. h4 Nd5 57. Kc4 Nb6+ 58. Kb4 Nd5+ 59. Kxa4 Ke5 60. e7 1-0

[Event "ETCC Open 2023"]
[Site "Budva"]
[Date "2023.11.20"]
[Round "9.9"]
[White "Navara, David"]
[Black "Tari, Aryan"]
[Result "1/2-1/2"]
[WhiteElo "2695"]
[BlackElo "2620"]
[Annotator "TA"]
[PlyCount "59"]
[EventDate "2023.11.10"]
[EventType "team-tourn"]
[EventCountry "MNE"]
[SourceTitle "playchess.com"]
[Source "ChessBase"]
[SourceQuality "1"]
[WhiteTeam "Czech Republic"]
[BlackTeam "Norway"]
[WhiteTeamCountry "CZE"]
[BlackTeamCountry "NOR"]

1. Nf3 Nf6 2. g3 c5 3. Bg2 Nc6 4. O-O e5 5. c4 d5 6. Qa4 Bd6 7. d4 exd4 8. cxd5 Nxd5 9. Nxd4 cxd4 10. Bxd5 O-O 11. Bxc6 bxc6 12. Qxd4 c5 13. Qe4 Rb8 14. Nc3 Bb7 15. Qg4 Qe8 16. Rd1 Be5 17. Qd7 Bxc3 18. Qxe8 Rbxe8 19. bxc3 Rxe2 20. Be3 h5 21. Rd7 Bf3 22. Rxa7 c4 23. h4 Rb8 24. Kh2 Re8 25. Kg1 Rb8 26. Bd4 Reb2 27. Re1 Re2 28. Ra1 Reb2 29. Re1 Re2 30. Ra1 1/2-1/2

[Event "ETCC Open 2023"]
[Site "Budva"]
[Date "2023.11.20"]
[Round "9.10"]
[White "Amar, Elham"]
[Black "Nguyen, Thai Dai Van"]
[Result "1/2-1/2"]
[WhiteElo "2584"]
[BlackElo "2624"]
[Annotator "TA"]
[PlyCount "120"]
[EventDate "2023.11.10"]
[EventType "team-tourn"]
[EventCountry "MNE"]
[SourceTitle "playchess.com"]
[Source "ChessBase"]
[SourceQuality "1"]
[WhiteTeam "Norway"]
[BlackTeam "Czech Republic"]
[WhiteTeamCountry "NOR"]
[BlackTeamCountry "CZE"]

1. e4 e5 2. Nf3 Nc6 3. Bb5 Nf6 4. d3 Bc5 5. Bxc6 dxc6 6. Nbd2 Nd7 7. Nc4 b6 8. h4 f6 9. h5 Nf8 10. Be3 Qe7 11. Qd2 Ba6 12. Bxc5 Qxc5 13. Ne3 Ne6 14. a4 Qe7 15. b4 O-O-O 16. O-O Bb7 17. a5 c5 18. axb6 axb6 19. bxc5 Qxc5 20. Ra4 Nd4 21. Nxd4 Rxd4 22. Rfa1 Rxa4 23. Rxa4 Kb8 24. Qd1 Qb5 25. Ra1 Qd7 26. Qf3 Qf7 27. g4 g6 28. Kf1 Rg8 29. hxg6 hxg6 30. Ke2 Rh8 31. Rh1 Qg7 32. Rxh8+ Qxh8 33. Qg3 Bc8 34. g5 Be6 35. Kd2 Qf8 36. Ke2 Qh8 37. Kd2 Qf8 38. Ke1 Qh8 39. gxf6 Qxf6 40. Ke2 g5 41. Qf3 Qh6 42. Qg3 Qf6 43. Qf3 Qh6 44. c3 Qh8 45. Nf5 Qf8 46. Ne3 Qxf3+ 47. Kxf3 b5 48. d4 exd4 49. cxd4 c6 50. d5 cxd5 51. exd5 Bc8 52. Ke4 Kc7 53. Ke5 b4 54. Kd4 b3 55. Kc3 Kd6 56. Kxb3 Kc5 57. Kc3 Bb7 58. Kd3 Bxd5 59. Nxd5 Kxd5 60. Ke3 Ke5 1/2-1/2

[Event "ETCC Open 2023"]
[Site "Budva"]
[Date "2023.11.20"]
[Round "9.11"]
[White "Zilka, Stepan"]
[Black "Hauge, Lars Oskar"]
[Result "1/2-1/2"]
[WhiteElo "2609"]
[BlackElo "2498"]
[Annotator "TA"]
[PlyCount "104"]
[EventDate "2023.11.10"]
[EventType "team-tourn"]
[EventCountry "MNE"]
[SourceTitle "playchess.com"]
[Source "ChessBase"]
[SourceQuality "1"]
[WhiteTeam "Czech Republic"]
[BlackTeam "Norway"]
[WhiteTeamCountry "CZE"]
[BlackTeamCountry "NOR"]

1. d4 Nf6 2. c4 e6 3. Nc3 d5 4. Bg5 Be7 5. e3 O-O 6. Nf3 Nbd7 7. Qc2 h6 8. Bh4 c5 9. dxc5 dxc4 10. Bxc4 Nxc5 11. O-O a6 12. Rfd1 Qe8 13. b4 Ncd7 14. b5 Nb6 15. Be2 Nbd5 16. Nxd5 Nxd5 17. Bxe7 Qxe7 18. Bc4 axb5 19. Bxd5 exd5 20. Rxd5 Be6 21. Rxb5 Rfc8 22. Qb2 Rxa2 23. Rxa2 Bxa2 24. h3 Qd7 25. Rxb7 Qd1+ 26. Kh2 Rc2 27. Rb8+ Kh7 28. Qe5 Qd5 29. Qe8 Rxf2 30. Qg8+ Kg6 31. Rb6+ f6 32. Nh4+ Kh5 33. Qxg7 Qg5 34. Rb5 f5 35. Qxg5+ Kxg5 36. Kg3 Rf1 37. e4 Be6 38. exf5 Bxf5 39. Nxf5 Rxf5 40. Rxf5+ Kxf5 41. Kh4 Kf6 42. Kg4 Kg6 43. Kf4 Kf6 44. h4 Kg6 45. g3 Kh5 46. Kf3 Kg6 47. Ke4 Kf6 48. Kf4 h5 49. g4 hxg4 50. h5 g3 51. Kxg3 Kg5 52. h6 Kxh6 1/2-1/2

[Event "ETCC Open 2023"]
[Site "Budva"]
[Date "2023.11.20"]
[Round "9.12"]
[White "Kaasen, Tor Fredrik"]
[Black "Vykouk, Jan"]
[Result "0-1"]
[WhiteElo "2471"]
[BlackElo "2488"]
[Annotator "RC"]
[PlyCount "118"]
[EventDate "2023.11.10"]
[EventType "team-tourn"]
[EventCountry "MNE"]
[SourceTitle "playchess.com"]
[Source "ChessBase"]
[SourceQuality "1"]
[WhiteTeam "Norway"]
[BlackTeam "Czech Republic"]
[WhiteTeamCountry "NOR"]
[BlackTeamCountry "CZE"]

1. Nf3 Nf6 2. c4 d6 3. g3 g6 4. d4 Bg7 5. Bg2 O-O 6. Nc3 Nc6 7. d5 Na5 8. b3 c5 9. Bb2 a6 10. O-O Rb8 11. Nd2 b5 12. Qc1 bxc4 13. bxc4 e5 14. Nd1 Bg4 15. f3 Bd7 16. Bc3 Bh6 17. e3 Nb7 18. Rb1 a5 19. Rb2 Ba4 20. Re1 Nd7 21. Rb1 Nb6 22. f4 Bg7 23. Nf2 Bd7 24. Nd3 f6 25. e4 Qc7 26. Ba1 Rfc8 27. Rf1 Nd8 28. Qd1 Nf7 29. Qe2 exf4 30. gxf4 Re8 31. Rbe1 Re7 32. Qf2 Rbe8 33. Qh4 f5 34. Bxg7 Kxg7 35. e5 dxe5 36. fxe5 Nxe5 37. Qg3 Qd6 38. Nxe5 Rxe5 39. Nf3 f4 40. Qxf4 Rxd5 41. Qc1 Rf5 42. Qc3+ Qf6 43. Qxa5 Nxc4 44. Qa7 Rxe1 45. Rxe1 Qf7 46. Qc7 Be6 47. Qg3 Qf6 48. h4 h6 49. a4 Bf7 50. Kh2 Rf4 51. Re7 Nd2 52. Rxf7+ Kxf7 53. Nxd2 Qxh4+ 54. Qxh4 Rxh4+ 55. Kg3 Rxa4 56. Ne4 c4 57. Kf4 c3 58. Ke3 c2 59. Kd2 Ra1 0-1

[Event "ETCC Open 2023"]
[Site "Budva"]
[Date "2023.11.20"]
[Round "9.13"]
[White "Theodorou, Nikolas"]
[Black "Predke, Alexandr"]
[Result "1-0"]
[WhiteElo "2619"]
[BlackElo "2661"]
[Annotator "TA"]
[PlyCount "141"]
[EventDate "2023.11.10"]
[EventType "team-tourn"]
[EventCountry "MNE"]
[SourceTitle "playchess.com"]
[Source "ChessBase"]
[SourceQuality "1"]
[WhiteTeam "Greece"]
[BlackTeam "Serbia"]
[WhiteTeamCountry "GRE"]
[BlackTeamCountry "SRB"]

1. d4 d5 2. c4 dxc4 3. Nf3 Nf6 4. e3 e6 5. Bxc4 a6 6. O-O c5 7. Qe2 b5 8. Bd3 cxd4 9. a4 bxa4 10. Rxa4 Nc6 11. Nxd4 Nb4 12. Bb5+ Bd7 13. Bxd7+ Qxd7 14. b3 Be7 15. Bd2 Qb7 16. Qf3 Nbd5 17. Na3 O-O 18. Nc4 Rfc8 19. Na5 Qd7 20. Rc4 Nb6 21. Rc6 Bc5 22. Rc1 Bxd4 23. exd4 Rxc6 24. Nxc6 Rc8 25. Rc5 Nbd5 26. Ne5 Qb7 27. h3 h6 28. Rc4 Rb8 29. Rc5 Ra8 30. Nc6 Qd7 31. Ne5 Qe8 32. Ra5 Qc8 33. Rc5 Qb7 34. Nc6 Re8 35. Ne5 Rc8 36. b4 Re8 37. Ra5 Qb6 38. Qd3 Nc7 39. Bxh6 gxh6 40. Qg3+ Kh7 41. Qd3+ Kg7 42. Qg3+ Kh7 43. Qd3+ Kg7 44. Qg3+ Kh7 45. Nxf7 Re7 46. Qd3+ Kg7 47. Ne5 Ng8 48. Qg6+ Kh8 49. Rc5 Ne8 50. Nc6 Qb7 51. Nxe7 Qxe7 52. Rc8 Ngf6 53. Qxh6+ Kg8 54. Qg6+ Kf8 55. Ra8 e5 56. dxe5 Qxe5 57. Rxa6 Qe1+ 58. Kh2 Qxf2 59. b5 Qd4 60. Qg3 Nh5 61. Qf3+ Nef6 62. Qa8+ Ne8 63. Qb8 Nf4 64. Ra2 Nd5 65. Re2 Ne3 66. Rf2+ Ke7 67. Qg3 Nf6 68. Qg7+ Ke6 69. Qxf6+ Qxf6 70. Rxf6+ Kxf6 71. b6 1-0

[Event "ETCC Open 2023"]
[Site "Budva"]
[Date "2023.11.20"]
[Round "9.14"]
[White "Sarana, Alexey"]
[Black "Mastrovasilis, Dimitrios"]
[Result "1-0"]
[WhiteElo "2669"]
[BlackElo "2573"]
[Annotator "TA"]
[PlyCount "139"]
[EventDate "2023.11.10"]
[EventType "team-tourn"]
[EventCountry "MNE"]
[SourceTitle "playchess.com"]
[Source "ChessBase"]
[SourceQuality "1"]
[WhiteTeam "Serbia"]
[BlackTeam "Greece"]
[WhiteTeamCountry "SRB"]
[BlackTeamCountry "GRE"]

1. d4 d5 2. c4 e6 3. Nc3 Nf6 4. cxd5 exd5 5. Bg5 c6 6. e3 h6 7. Bh4 Bf5 8. Qf3 Be6 9. Bxf6 Qxf6 10. Qxf6 gxf6 11. Bd3 a5 12. Nge2 a4 13. Rc1 a3 14. b3 Na6 15. Nf4 Nb4 16. Bb1 Bd6 17. g3 Ke7 18. Kd2 b6 19. Rhd1 Rhc8 20. Ke2 Rab8 21. f3 Rd8 22. Na4 Rdc8 23. Nc3 Rd8 24. Kf2 Rbc8 25. Na4 Rb8 26. h4 Rdc8 27. Nc3 Rd8 28. h5 Rbc8 29. Na4 Rb8 30. g4 Rdc8 31. Nc3 Rd8 32. Rd2 Rbc8 33. Rcd1 Rd7 34. Na4 Rb8 35. Nc3 Rc8 36. Nfe2 Rg8 37. Bh7 Rg7 38. Bb1 Rg8 39. Rc1 Rdd8 40. Na4 Rb8 41. Nac3 Rbc8 42. Rcd1 Rcd8 43. Re1 Na6 44. Nf4 Nb4 45. Red1 Rge8 46. Ng2 Kf8 47. Nh4 Bc8 48. Rc1 Re7 49. Nf5 Bxf5 50. Bxf5 Rde8 51. Re2 Kg7 52. Rd1 Rd8 53. f4 Rde8 54. Kf3 Rd8 55. Rc1 Rc7 56. Rd2 Kf8 57. Bb1 Rdc8 58. e4 dxe4+ 59. Nxe4 Be7 60. Ng3 Kg8 61. Nf5 Bf8 62. Rg1 c5 63. d5 Rd7 64. g5 hxg5 65. fxg5 Kh8 66. g6 fxg6 67. hxg6 Kg8 68. Rh1 Nc6 69. dxc6 Rxd2 70. g7 1-0

[Event "ETCC Open 2023"]
[Site "Budva"]
[Date "2023.11.20"]
[Round "9.15"]
[White "Kourkoulos-Arditis, Stamatis"]
[Black "Indjic, Aleksandar"]
[Result "0-1"]
[WhiteElo "2543"]
[BlackElo "2601"]
[Annotator "TA"]
[PlyCount "156"]
[EventDate "2023.11.10"]
[EventType "team-tourn"]
[EventCountry "MNE"]
[SourceTitle "playchess.com"]
[Source "ChessBase"]
[SourceQuality "1"]
[WhiteTeam "Greece"]
[BlackTeam "Serbia"]
[WhiteTeamCountry "GRE"]
[BlackTeamCountry "SRB"]

1. e4 c5 2. Nf3 d6 3. d4 cxd4 4. Nxd4 Nf6 5. Nc3 a6 6. Be3 e5 7. Nb3 Be7 8. f3 Be6 9. Qd2 h5 10. Nd5 Bxd5 11. exd5 Nbd7 12. O-O-O Qc7 13. c4 a5 14. Kb1 a4 15. Na1 O-O 16. Rc1 Rfe8 17. Nc2 a3 18. b3 Bf8 19. Be2 g6 20. Qb4 Qa5 21. Qxa5 Rxa5 22. g3 Kh7 23. Bd2 Ra7 24. Rcd1 Rea8 25. Rhe1 Bh6 26. Bb4 Nc5 27. Bf1 b6 28. Bc3 h4 29. Be2 hxg3 30. hxg3 Nh5 31. Rg1 Bg7 32. Nb4 Re7 33. Kc2 Ree8 34. Nc6 f5 35. Rg2 f4 36. Rh1 fxg3 37. Rxg3 Kg8 38. Rxg6 Nf4 39. Rhg1 Nxg6 40. Rxg6 Kf7 41. Rxd6 Bf8 42. Nxe5+ Rxe5 43. Bxe5 Bxd6 44. Bxd6 Re8 45. Bd1 Rg8 46. Kc3 Rg2 47. Bc2 Rf2 48. f4 Rf3+ 49. Kb4 Rf2 50. Bf5 Rxa2 51. Be5 Na6+ 52. Kb5 Re2 53. Bc3 Nc5 54. Kxb6 Re3 55. Bh8 Re8 56. Bc3 Re3 57. Ba1 Nxb3 58. d6 Nxa1 59. d7 Nb3 60. d8=Q a2 61. Bg6+ Kxg6 62. Qg8+ Kf6 63. Qf8+ Kg6 64. Qg8+ Kf6 65. Qh8+ Kf5 66. Qh5+ Ke4 67. Qd5+ Kxf4 68. Qf7+ Kg3 69. Qg7+ Kf2 70. Qb2+ Re2 71. Qf6+ Ke3 72. c5 a1=Q 73. Qg5+ Kd3 74. Qf5+ Re4 75. Qf3+ Re3 76. Qf5+ Kc4 77. c6 Qd4+ 78. Kb7 Nc5+ 0-1

[Event "ETCC Open 2023"]
[Site "Budva"]
[Date "2023.11.20"]
[Round "9.16"]
[White "Ivic, Velimir"]
[Black "Ioannidis, Evgenios"]
[Result "1-0"]
[WhiteElo "2557"]
[BlackElo "2502"]
[Annotator "RC"]
[PlyCount "87"]
[EventDate "2023.11.10"]
[EventType "team-tourn"]
[EventCountry "MNE"]
[SourceTitle "playchess.com"]
[Source "ChessBase"]
[SourceQuality "1"]
[WhiteTeam "Serbia"]
[BlackTeam "Greece"]
[WhiteTeamCountry "SRB"]
[BlackTeamCountry "GRE"]

1. e4 e5 2. Nf3 Nc6 3. Bb5 a6 4. Ba4 Nf6 5. O-O Bc5 6. c3 O-O 7. d4 Ba7 8. dxe5 Nxe4 9. Qd5 Nc5 10. Bc2 Ne7 11. Qd1 d5 12. exd6 Qxd6 13. Qxd6 cxd6 14. Rd1 d5 15. Be3 Rd8 16. Nbd2 Bf5 17. Bxf5 Nxf5 18. Bxc5 Bxc5 19. Nb3 Bb6 20. Kf1 f6 21. Rd3 Kf7 22. Rad1 Ne7 23. h4 h5 24. Nbd4 Bxd4 25. Nxd4 Rd6 26. Ne2 Rb6 27. R1d2 g5 28. hxg5 fxg5 29. Nd4 Rd8 30. Re2 Rf6 31. Nf3 g4 32. Ng5+ Kg6 33. Rxe7 Kxg5 34. Rxb7 h4 35. Rg7+ Kh5 36. Rd4 Rdf8 37. Rxd5+ Kh6 38. Rxg4 Rxf2+ 39. Kg1 Rxb2 40. Rxh4+ Kg6 41. Rg4+ Kh6 42. Rd6+ Kh5 43. Ra4 Rff2 44. Ra5+ 1-0

[Event "ETCC Open 2023"]
[Site "Budva"]
[Date "2023.11.20"]
[Round "9.17"]
[White "Vitiugov, Nikita"]
[Black "Martirosyan, Haik M."]
[Result "1/2-1/2"]
[WhiteElo "2712"]
[BlackElo "2708"]
[Annotator "TA"]
[PlyCount "83"]
[EventDate "2023.11.10"]
[EventType "team-tourn"]
[EventCountry "MNE"]
[SourceTitle "playchess.com"]
[Source "ChessBase"]
[SourceQuality "1"]
[WhiteTeam "England"]
[BlackTeam "Armenia"]
[WhiteTeamCountry "ENG"]
[BlackTeamCountry "ARM"]

1. d4 Nf6 2. c4 e6 3. Nc3 Bb4 4. e3 O-O 5. Bd3 d5 6. a3 Bxc3+ 7. bxc3 dxc4 8. Bxc4 c5 9. Bd3 Nc6 10. Nf3 Qc7 11. Bb2 e5 12. dxe5 Nxe5 13. Nxe5 Qxe5 14. Qb3 Bf5 15. c4 Qe6 16. Bxf5 Qxf5 17. O-O b6 18. Rad1 Rfd8 19. f3 Qe6 20. Qc3 Ne8 21. e4 f6 22. Qc2 Qe7 23. Rde1 Qf7 24. e5 fxe5 25. Rxe5 Nf6 26. Rfe1 Re8 27. h3 Rxe5 28. Rxe5 Re8 29. Rxe8+ Qxe8 30. Qd3 Kf7 31. Kf2 Qe6 32. g4 h6 33. Qe2 Qd7 34. Be5 Ne8 35. Kg3 Nf6 36. Kf2 Ne8 37. Qc2 Nf6 38. Qc1 Qd3 39. h4 Nd7 40. Bb2 Qd6 41. Kg2 Nf8 42. Qc3 1/2-1/2

[Event "ETCC Open 2023"]
[Site "Budva"]
[Date "2023.11.20"]
[Round "9.18"]
[White "Sargissian, Gabriel"]
[Black "Howell, David W L"]
[Result "1/2-1/2"]
[WhiteElo "2686"]
[BlackElo "2676"]
[Annotator "TA"]
[PlyCount "80"]
[EventDate "2023.11.10"]
[EventType "team-tourn"]
[EventCountry "MNE"]
[SourceTitle "playchess.com"]
[Source "ChessBase"]
[SourceQuality "1"]
[WhiteTeam "Armenia"]
[BlackTeam "England"]
[WhiteTeamCountry "ARM"]
[BlackTeamCountry "ENG"]

1. d4 Nf6 2. c4 e6 3. Nf3 d5 4. g3 Bb4+ 5. Bd2 a5 6. Qc1 O-O 7. Bg2 Be7 8. O-O c6 9. Rd1 Nbd7 10. Bf4 h6 11. Qc2 a4 12. a3 Qa5 13. Nbd2 Nh5 14. Be5 Nhf6 15. Bf4 Nh5 16. Be3 Nhf6 17. h3 Rd8 18. Rac1 b6 19. Bf4 Bb7 20. e4 Rac8 21. e5 Nh7 22. cxd5 cxd5 23. Qb1 b5 24. Rxc8 Rxc8 25. Rc1 Qa8 26. Rxc8+ Qxc8 27. Ne1 b4 28. axb4 Bxb4 29. Qc2 Qc6 30. Qxc6 Bxc6 31. Nc2 Be7 32. Nb1 f6 33. exf6 Bxf6 34. Nba3 Be7 35. Bd2 Ng5 36. Bb4 Bf6 37. f3 Nf7 38. Kf2 g5 39. Ke3 Bd8 40. Bf1 Bc7 1/2-1/2

[Event "ETCC Open 2023"]
[Site "Budva"]
[Date "2023.11.20"]
[Round "9.19"]
[White "Adams, Michael"]
[Black "Sargsyan, Shant"]
[Result "0-1"]
[WhiteElo "2670"]
[BlackElo "2625"]
[Annotator "TA"]
[PlyCount "72"]
[EventDate "2023.11.10"]
[EventType "team-tourn"]
[EventCountry "MNE"]
[SourceTitle "playchess.com"]
[Source "ChessBase"]
[SourceQuality "1"]
[WhiteTeam "England"]
[BlackTeam "Armenia"]
[WhiteTeamCountry "ENG"]
[BlackTeamCountry "ARM"]

1. e4 e5 2. Nf3 Nc6 3. Bb5 a6 4. Ba4 Nf6 5. O-O Be7 6. d3 b5 7. Bb3 d6 8. a3 O-O 9. Nc3 Na5 10. Ba2 Be6 11. Bg5 c5 12. Bxf6 Bxf6 13. Nd5 g6 14. Qd2 Nc6 15. c3 Bg7 16. b4 Rc8 17. Rfb1 Bxd5 18. Bxd5 Ne7 19. Qa2 c4 20. dxc4 Nxd5 21. cxd5 Rxc3 22. Rc1 Qc7 23. Qb2 Rc8 24. Rxc3 Qxc3 25. Qxc3 Rxc3 26. Kf1 Rb3 27. h4 f6 28. h5 Bh6 29. hxg6 hxg6 30. Nh4 Bg5 31. Nf3 Bh6 32. Nh4 Kh7 33. g3 Bd2 34. Ra2 Bc1 35. a4 bxa4 36. Rxa4 Ra3 0-1

[Event "ETCC Open 2023"]
[Site "Budva"]
[Date "2023.11.20"]
[Round "9.20"]
[White "Ter-Sahakyan, Samvel"]
[Black "McShane, Luke J"]
[Result "1/2-1/2"]
[WhiteElo "2618"]
[BlackElo "2626"]
[Annotator "TA"]
[PlyCount "60"]
[EventDate "2023.11.10"]
[EventType "team-tourn"]
[EventCountry "MNE"]
[SourceTitle "playchess.com"]
[Source "ChessBase"]
[SourceQuality "1"]
[WhiteTeam "Armenia"]
[BlackTeam "England"]
[WhiteTeamCountry "ARM"]
[BlackTeamCountry "ENG"]

1. d4 Nf6 2. c4 e6 3. Nf3 Bb4+ 4. Nbd2 b6 5. a3 Bxd2+ 6. Nxd2 Bb7 7. e3 O-O 8. b4 c5 9. dxc5 bxc5 10. b5 d5 11. Bb2 Nbd7 12. Be2 dxc4 13. O-O a6 14. bxa6 Bxa6 15. Nxc4 Nb6 16. Nxb6 Qxb6 17. Bxf6 gxf6 18. Rb1 Qd8 19. Bxa6 Qxd1 20. Rfxd1 Rxa6 21. Rdc1 Rxa3 22. Rxc5 Rfa8 23. g3 Ra1 24. Rxa1 Rxa1+ 25. Kg2 f5 26. h3 Ra4 27. Rb5 Kg7 28. Rc5 Kg8 29. Rb5 Kg7 30. Rc5 Kg8 1/2-1/2

[Event "ETCC Open 2023"]
[Site "Budva"]
[Date "2023.11.20"]
[Round "9.22"]
[White "Banusz, Tamas"]
[Black "Moussard, Jules"]
[Result "1/2-1/2"]
[WhiteElo "2609"]
[BlackElo "2639"]
[Annotator "TA"]
[PlyCount "100"]
[EventDate "2023.11.10"]
[EventType "team-tourn"]
[EventCountry "MNE"]
[SourceTitle "playchess.com"]
[Source "ChessBase"]
[SourceQuality "1"]
[WhiteTeam "Hungary"]
[BlackTeam "France"]
[WhiteTeamCountry "HUN"]
[BlackTeamCountry "FRA"]

1. Nf3 d5 2. g3 g6 3. Bg2 Bg7 4. d4 Nf6 5. c4 c6 6. cxd5 cxd5 7. Nc3 O-O 8. Ne5 Bf5 9. Bf4 Nc6 10. Nxc6 bxc6 11. O-O Nd7 12. Rc1 e5 13. dxe5 Nxe5 14. Na4 Rc8 15. b3 Re8 16. Qd2 h5 17. h3 Nd7 18. h4 Qe7 19. Rfe1 Bf8 20. Be3 Qb4 21. Qd4 a5 22. Kf1 Qa3 23. Nb6 Nxb6 24. Qxb6 Bb4 25. Bc5 Rb8 26. Bxb4 Qxc1 27. Rxc1 Rxb6 28. Bxa5 Rb5 29. b4 Ra8 30. Ke1 Bd7 31. e3 Kf8 32. Kd2 Rbxa5 33. bxa5 Rxa5 34. Ra1 Ke7 35. Kc3 Kd6 36. Kb4 Rb5+ 37. Kc3 Rc5+ 38. Kb2 Bf5 39. Rc1 Rb5+ 40. Kc3 Rc5+ 41. Kb2 Rb5+ 42. Kc3 Ra5 43. Kb3 Be6 44. Kb2 c5 45. Ra1 Ke5 46. a4 Bd7 47. Kb3 Be6 48. Kc3 Bd7 49. Kb3 Be6 50. Kc3 Bd7 1/2-1/2

[Event "ETCC Open 2023"]
[Site "Budva"]
[Date "2023.11.20"]
[Round "9.23"]
[White "Fressinet, Laurent"]
[Black "Kozak, Adam"]
[Result "1-0"]
[WhiteElo "2640"]
[BlackElo "2578"]
[Annotator "TA"]
[PlyCount "115"]
[EventDate "2023.11.10"]
[EventType "team-tourn"]
[EventCountry "MNE"]
[SourceTitle "playchess.com"]
[Source "ChessBase"]
[SourceQuality "1"]
[WhiteTeam "France"]
[BlackTeam "Hungary"]
[WhiteTeamCountry "FRA"]
[BlackTeamCountry "HUN"]

1. e4 e5 2. Nf3 Nc6 3. Bb5 Nf6 4. d3 Bc5 5. c3 O-O 6. O-O d5 7. Nbd2 Re8 8. h3 a6 9. Ba4 h6 10. Re1 b5 11. Bb3 d4 12. Nf1 Be6 13. Ng3 Qd7 14. Qe2 Rad8 15. Rd1 Bb6 16. Kh2 Qe7 17. Bd2 dxc3 18. bxc3 Na5 19. Bc2 Nc6 20. Kg1 Qc5 21. Bb3 Qa3 22. Bc1 Qd6 23. Nh4 Ne7 24. Qf3 Bxb3 25. axb3 Qe6 26. Nhf5 Ng6 27. b4 Ra8 28. Be3 a5 29. bxa5 Rxa5 30. Rxa5 Bxa5 31. d4 exd4 32. Bxd4 Ne5 33. Qe2 c6 34. f4 Ned7 35. e5 Nd5 36. Nxg7 Nxf4 37. Qe4 Nxh3+ 38. gxh3 Kxg7 39. Nh5+ Kh8 40. Nf4 Nf6 41. Qd3 Qb3 42. e6 Rxe6 43. Rb1 Qa2 44. Qf5 Bd8 45. Nxe6 Qxe6 46. Qxe6 fxe6 47. Re1 Kg7 48. Rxe6 Kf7 49. Rxc6 Ne4 50. Kf1 h5 51. Ke2 Ng5 52. Be3 Nxh3 53. Rc5 Kg6 54. Rxb5 Ng5 55. Bxg5 Bxg5 56. c4 Kf6 57. Kf3 h4 58. Kg4 1-0

[Event "ETCC Open 2023"]
[Site "Budva"]
[Date "2023.11.20"]
[Round "9.24"]
[White "Balog, Imre"]
[Black "Maurizzi, Marc`Andria"]
[Result "1-0"]
[WhiteElo "2617"]
[BlackElo "2572"]
[Annotator "TA"]
[PlyCount "81"]
[EventDate "2023.11.10"]
[EventType "team-tourn"]
[EventCountry "MNE"]
[SourceTitle "playchess.com"]
[Source "ChessBase"]
[SourceQuality "1"]
[WhiteTeam "Hungary"]
[BlackTeam "France"]
[WhiteTeamCountry "HUN"]
[BlackTeamCountry "FRA"]

1. Nf3 Nf6 2. g3 g6 3. b3 Bg7 4. Bb2 b6 5. Bg2 Bb7 6. d4 c5 7. e3 O-O 8. O-O d5 9. Nbd2 Nbd7 10. c4 e6 11. Ne5 Qe7 12. Nxd7 Nxd7 13. Ba3 Rac8 14. Rc1 Rfd8 15. Re1 Rc7 16. cxd5 Bxd5 17. e4 Bb7 18. e5 Bxg2 19. Kxg2 Nb8 20. dxc5 b5 21. Qe2 Nc6 22. Nf3 b4 23. Bb2 Rd5 24. Red1 Rcd7 25. Rxd5 Rxd5 26. Qe4 Bh6 27. Rc4 Rxc5 28. Nd4 Rxc4 29. bxc4 Nxd4 30. Bxd4 Bf8 31. c5 Kg7 32. c6 Qc7 33. Qc2 a5 34. f3 a4 35. Qxa4 Qd8 36. Qc2 Qxd4 37. c7 Bc5 38. c8=Q Qg1+ 39. Kh3 Qf1+ 40. Qg2 Qc1 41. Qd8 1-0

[Event "ETCC Open 2023"]
[Site "Budva"]
[Date "2023.11.20"]
[Round "9.25"]
[White "Wojtaszek, Radoslaw"]
[Black "Schitco, Ivan"]
[Result "1/2-1/2"]
[WhiteElo "2668"]
[BlackElo "2503"]
[Annotator "TA"]
[PlyCount "60"]
[EventDate "2023.11.10"]
[EventType "team-tourn"]
[EventCountry "MNE"]
[SourceTitle "playchess.com"]
[Source "ChessBase"]
[SourceQuality "1"]
[WhiteTeam "Poland"]
[BlackTeam "Moldova"]
[WhiteTeamCountry "POL"]
[BlackTeamCountry "MDA"]

1. d4 Nf6 2. c4 e6 3. Nc3 Bb4 4. e3 O-O 5. Bd3 Re8 6. Nge2 d5 7. O-O Bf8 8. e4 dxe4 9. Nxe4 Nxe4 10. Bxe4 Nd7 11. Be3 c6 12. Qc2 g6 13. Rad1 Qc7 14. c5 e5 15. d5 cxd5 16. Bxd5 Nf6 17. Nc3 Bf5 18. Qa4 Be6 19. Bf3 Bxc5 20. Nb5 Qe7 21. Bg5 e4 22. Bxe4 Bg4 23. Rde1 Rac8 24. Nc3 Qe5 25. Bh4 b5 26. Qxb5 Nxe4 27. Rxe4 Bxf2+ 28. Bxf2 Qxb5 29. Nxb5 Rxe4 30. Nd6 Re2 1/2-1/2